000
00316nam a22001337a 4500
020
_a
978-0-600-61739-6
082
_a
001
_b
ASH/T
100
_a
ASH, RUSSELL
245
_a
TOP 10OF EVERYTHING 2009
260
_a
GREAT BRITAIN
_b
HAMLYN
_c
2009
300
_a
256
650
_a
GENERAL KNOWLEDGE
_z
GREAT BRITAIN
942
_c
BK
999
_c
1869
_d
1869